[Event "GER-ch U10"]
[Site "Willingen"]
[Date "2024.05.23"]
[Round "8"]
[White "Stojanoski, Stefan"]
[Black "Meitzner, Jonathan Franz"]
[Result "0-1"]
[WhiteElo "1637"]
[BlackElo "1729"]
[PlyCount "164"]
[EventDate "2024.05.19"]
[EventType "swiss"]
[EventRounds "11"]
[EventCountry "GER"]
[SourceTitle "CBM 220 Extra"]
[Source "ChessBase"]
[SourceDate "2024.07.31"]
[SourceVersion "1"]
[SourceVersionDate "2024.07.31"]
[SourceQuality "1"]

1. e4 c5 2. Nf3 d6 3. d4 cxd4 4. Nxd4 Nf6 5. Nc3 a6 6. f3 e5 7. Nb3 Be6 8. Be3 Be7 9. Qd2 0-0 10. 0-0-0 Nbd7 11. g4 Qc7 12. h4 b5 13. g5 Nh5 14. Rg1 b4 15. Nd5 Bxd5 16. exd5 Rfc8 17. Bd3 a5 18. Kb1 Nb6 19. Bf5 Nc4 20. Qf2 Rcb8 21. Bc1 a4 22. Na1 Na3+ 23. bxa3 bxa3+ 24. Nb3 axb3 25. cxb3 Qc3 26. Qc2 Qxc2+ 27. Bxc2 Rb4 28. Be4 Bd8 29. Bd2 Rbb8 30. Rc1 Bb6 31. Rg2 Bd4 32. Rf1 Re8 33. Bd3 Rac8 34. Rc1 Rb8 35. Rc6 Bc5 36. Ra6 Ra8 37. Rxa8 Rxa8 38. Bb5 g6 39. Bc6 Rb8 40. Rg4 Nf4 41. Bxf4 exf4 42. Rxf4 Rb4 43. Rxb4 Bxb4 44. Kc2 Kf8 45. Kd1 Ke7 46. Ke2 f6 47. Kf2 fxg5 48. hxg5 Bd2 49. Kg3 Bxg5 50. f4 Bf6 51. b4 Bd4 52. b5 Kf6 53. Bd7 h6 54. Kh4 g5+ 55. fxg5+ hxg5+ 56. Kg4 Ke5 57. Be6 Be3 58. Kf3 Bc5 59. Kg4 Kf6 60. Kf3 Ke5 61. Kg4 Be3 62. Kf3 Bb6 63. Kg4 Bd8 64. Kh5 Kd4 65. Kg6 Kc5 66. Kf7 Kxb5 67. Ke8 Bf6 68. Kd7 Be5 69. Kc7 Kc4 70. Kb6 Kc3 71. Ka5 Kb2 72. Ka4 Kxa2 73. Bf5 Kb2 74. Bd3 a2 75. Bc4 a1Q+ 76. Kb4 Qa3+ 77. Kb5 Kc3 78. Bf1 Qc5+ 79. Ka6 Qb4 80. Ka7 Bd4+ 81. Ka8 Qb6 82. Bg2 Qa7# 0-1

[Event "GER-ch U10"]
[Site "Willingen"]
[Date "2024.05.19"]
[Round "2"]
[White "Stojanoski, Stefan"]
[Black "Stoyanov, Victor"]
[Result "0-1"]
[WhiteElo "1637"]
[BlackElo "1652"]
[PlyCount "57"]
[EventDate "2024.05.19"]
[EventType "swiss"]
[EventRounds "11"]
[EventCountry "GER"]
[SourceTitle "CBM 220 Extra"]
[Source "ChessBase"]
[SourceDate "2024.07.31"]
[SourceVersion "1"]
[SourceVersionDate "2024.07.31"]
[SourceQuality "1"]

1. e4 c5 2. Nf3 d6 3. d4 cxd4 4. Nxd4 Nf6 5. Nc3 a6 6. f3 e5 7. Nb3 Be6 8. Be3 Be7 9. Be2 0-0 10. 0-0 Nbd7 11. Qd2 Rc8 12. Qe1 b5 13. Rc1 Nb6 14. a3 Nc4 15. Bxc4 bxc4 16. Nd2 Rb8 17. Rb1 Qc7 18. Qf2 Rb7 19. Nd1 Rfb8 20. c3 d5 21. exd5 Nxd5 22. Ne4 Nxe3 23. Nxe3 Bxa3 24. Qg3 Bc5 25. Rfe1 Rxb2 26. Rxb2 Rxb2 27. Nf6+ Kf8 28. Nxh7+ Ke8 29. Qxg7 0-1

[Event "Main Vogelsberg op 17th"]
[Site "Waechtersbach"]
[Date "2023.10.02"]
[Round "7"]
[White "Stecay, Anja Christina"]
[Black "Stojanoski, Stefan"]
[Result "0-1"]
[WhiteElo "1168"]
[BlackElo "1220"]
[PlyCount "26"]
[EventDate "2023.09.30"]
[EventType "swiss"]
[EventRounds "7"]
[EventCountry "GER"]
[SourceTitle "EXT 2025"]
[Source "ChessBase"]
[SourceDate "2024.10.14"]
[SourceVersion "1"]
[SourceVersionDate "2024.10.14"]
[SourceQuality "1"]
[WhiteTeam "SF Neuberg"]
[BlackTeam "SAbt TuS Makkabi Frankfurt"]

1. e4 e5 2. Nf3 Nc6 3. d4 exd4 4. Bc4 Bc5 5. c3 Qf6 6. 0-0 d6 7. Bg5 Qg6 8. Bb5 h6 9. cxd4 hxg5 10. Bxc6+ bxc6 11. dxc5 g4 12. Nfd2 Qh6 13. cxd6 Qxh2# 0-1

[Event "Main Vogelsberg op 17th"]
[Site "Waechtersbach"]
[Date "2023.10.02"]
[Round "6"]
[White "Stojanoski, Stefan"]
[Black "Filis, Leon"]
[Result "1/2-1/2"]
[WhiteElo "1220"]
[BlackElo "1076"]
[PlyCount "68"]
[EventDate "2023.09.30"]
[EventType "swiss"]
[EventRounds "7"]
[EventCountry "GER"]
[SourceTitle "EXT 2025"]
[Source "ChessBase"]
[SourceDate "2024.10.14"]
[SourceVersion "1"]
[SourceVersionDate "2024.10.14"]
[SourceQuality "1"]
[WhiteTeam "SAbt TuS Makkabi Frankfurt"]
[BlackTeam "SV 1920 Hofheim"]

1. e4 d5 2. exd5 Nf6 3. Nc3 Nxd5 4. Bc4 e6 5. Qf3 c6 6. a4 Bb4 7. Nge2 0-0 8. 0-0 Qf6 9. Qxf6 Nxf6 10. Ng3 c5 11. Nge4 Nbd7 12. Nxf6+ Nxf6 13. a5 Bd7 14. Ne2 b6 15. axb6 axb6 16. Rxa8 Rxa8 17. c3 Ba5 18. d4 b5 19. Bd3 c4 20. Bc2 Bc7 21. h3 Nd5 22. Bd2 Ra2 23. Bc1 b4 24. cxb4 c3 25. Bb1 Ra1 26. Be4 cxb2 27. Bxb2 Rxf1+ 28. Kxf1 Nxb4 29. Nc3 Bc6 30. Bxc6 Nxc6 31. d5 Nd8 32. dxe6 Nxe6 33. Nd5 Bd6 34. Ne3 Kf8 1/2-1/2

[Event "Main Vogelsberg op 17th"]
[Site "Waechtersbach"]
[Date "2023.10.01"]
[Round "4"]
[White "Stojanoski, Stefan"]
[Black "Feick, Claas Marten"]
[Result "0-1"]
[WhiteElo "1220"]
[BlackElo "1520"]
[PlyCount "56"]
[EventDate "2023.09.30"]
[EventType "swiss"]
[EventRounds "7"]
[EventCountry "GER"]
[SourceTitle "EXT 2025"]
[Source "ChessBase"]
[SourceDate "2024.10.14"]
[SourceVersion "1"]
[SourceVersionDate "2024.10.14"]
[SourceQuality "1"]
[WhiteTeam "SAbt TuS Makkabi Frankfurt"]
[BlackTeam "SF Neuberg"]

1. e4 c5 2. Nf3 e6 3. d4 cxd4 4. Nxd4 Nf6 5. Nc3 d6 6. Be3 a6 7. f3 Nc6 8. Qd2 Be7 9. 0-0-0 Qc7 10. Be2 Bd7 11. f4 h6 12. Rhf1 Rc8 13. f5 Nxd4 14. Bxd4 e5 15. Be3 Bc6 16. Bf3 b5 17. a3 a5 18. Qd3 b4 19. axb4 axb4 20. Nb5 Bxb5 21. Qxb5+ Nd7 22. Qd3 0-0 23. Rf2 Nc5 24. Bxc5 Qxc5 25. Re2 Ra8 26. Qd5 Ra1+ 27. Kd2 Bg5+ 28. Ke1 Qg1# 0-1

[Event "Main Vogelsberg op 17th"]
[Site "Waechtersbach"]
[Date "2023.09.30"]
[Round "2"]
[White "Sviridov, Vitaliy"]
[Black "Stojanoski, Stefan"]
[Result "0-1"]
[WhiteElo "1538"]
[BlackElo "1220"]
[PlyCount "76"]
[EventDate "2023.09.30"]
[EventType "swiss"]
[EventRounds "7"]
[EventCountry "GER"]
[SourceTitle "EXT 2025"]
[Source "ChessBase"]
[SourceDate "2024.10.14"]
[SourceVersion "1"]
[SourceVersionDate "2024.10.14"]
[SourceQuality "1"]
[WhiteTeam "SG Koenigslutter"]
[BlackTeam "SAbt TuS Makkabi Frankfurt"]

1. d4 d5 2. Bf4 Nf6 3. e3 a6 4. Nf3 Bg4 5. Be2 Bf5 6. 0-0 Nc6 7. c3 e6 8. Nbd2 Ne4 9. Ne5 Nxe5 10. Bxe5 Qg5 11. Bxc7 Bh3 12. Bg3 Nxg3 13. hxg3 Bf5 14. Nf3 Qd8 15. Bd3 Be4 16. Bxe4 dxe4 17. Nd2 h5 18. Nxe4 h4 19. g4 h3 20. Qf3 hxg2 21. Qxg2 Qd5 22. f3 f5 23. gxf5 Qxf5 24. Ng3 Qg6 25. e4 Bd6 26. e5 Be7 27. Rac1 Bh4 28. Kf2 0-0-0 29. Rg1 Qd3 30. Rgd1 Qg6 31. Rg1 Qd3 32. Qf1 Qd2+ 33. Qe2 Bxg3+ 34. Kf1 Qxc1+ 35. Kg2 Rh2+ 36. Kxg3 Qxg1+ 37. Kf4 Rxe2 38. d5 Rf8# 0-1